00477nam a2200121Ia 4500008004100000020001800041082001700059100003000076245009700106260003900203300001000242650010300252120622s9999 xx 000 0 und d a970-613-802-1 a860.9 M152l aMacías Angeles, Leticia aLiteratura mexicana e iberoamericana / Leticia Macías Angeles y Luz Betty Arcila Buendía aMéxico : Oxford University Press a283 p a1. LITERATURA MEXICANA - HISTORIA Y CRITICA 2. LITERATURA LATINOAMERICANA - HISTORIA Y CRITICAÌ